000 09109naa2a2200445 4500
001 RU\NLR\BIBL_A\011969169
005 20260409064505.0
035 _a(NLR Aleph) 011969169
090 _a11246726
_c11246726
100 _a20190322d1815 m||y0rusy50 ca
101 0 _arus
102 _aRU
105 _ay n 000yy
200 1 _aУказ его императорскаго величества самодержца всероссийскаго
_e[О земской давности по делам гражданским в губерниях, на особых правах состоящих]
_eКопия.
_fиз Правительствующаго Сената господину генералу от инфантерии, сенатору, управляющему Министерством военных сухопутных сил и кавалеру князю Алексею Ивановичу Горчакову.
300 _aСенат. указ от 21 июня 1815 г. по мнению Гос. совета
300 _aНазв. указа дано по ПСЗ.
300 _aСлева от текста на с.4: № 1528
300 _aТекст указа начинается словами: Правительствующий Сенат в Общем санктпетербургских департаментов собрании слушали препровожденную в оный сего года маия 27 числа при предложении господина действительнаго тайнаго советника, министра юстиции и кавалера Дмитрия Прокофьевича Трощинскаго для надлежащаго исполнения выписку из журналов Государственнаго совета Департамента гражданских и духовных дел и Общаго собрания, следующаго содержания: "В Государственном совете разсматриван доклад Правительствующаго Сената Общаго собрания первых трех департаментов, о земской давности по делам гражданским в губерниях на особых правах состоящих..."
300 _aВ ПСЗ текст указа начинается словами: Правительствующий Сенат в Общем С. Петербургских департаментов собрании, слушали препровожденную в оный сего мая 27 числа при предложении г. действительного тайного советника, министра юстиции Трощинскаго, для надлежащего исполнения выписку из журналов Государственного совета Департамента гражданских и духовных дел и Общего собрания, следующего содержания: "В Государственном совете рассматриван доклад Правительствующего Сената Общего собрания первых трех департаментов, о земской давности по делам гражданским в губерниях на особых правах состоящих..."
300 _aВ конце текста на с.6 дата распубликования от Сената: Июня 21 дня 1815 года. Данное изд. напеч. не позднее августа 1815 г.
300 _aПосле текста на с.6: Подлинный подписал: В должности обер-секретаря надворный советник Василий Солодовников
300 _aВ левом нижнем углу на с.6: По Общему собранию. О земской давности по делам гражданским в губерниях на особых правах состоящих
321 _aПСЗ. Т.33. 25883
463 0 _1001RU\NLR\BIBL_A\011968690
_12001#$a[О рассылке пяти сенатских указов, утвержденных в мае-июле 1815 года]$vС.4-6
_1210##$a[Б.м.,$d1815]
_911244326
_aРоссия. Военное министерство
_c[Б.м.
_d1815]
_p[2], 1-6, 9, [1]с.
_t[О рассылке пяти сенатских указов, утвержденных в мае-июле 1815 года]
_vС.4-6
517 1 _aО земской давности по делам гражданским в губерниях на особых правах состоящих
517 1 _aПравительствующий Сенат в Общем санктпетербургских департаментов собрании слушали препровожденную в оный сего года маия 27 числа при предложении господина действительнаго тайнаго советника, министра юстиции и кавалера Дмитрия Прокофьевича Трощинскаго для надлежащаго исполнения выписку из журналов Государственнаго совета Департамента гражданских и духовных дел и Общаго собрания, следующаго содержания: "В Государственном совете разсматриван доклад Правительствующаго Сената Общаго собрания первых трех департаментов, о земской давности по делам гражданским в губерниях на особых правах состоящих..."
517 1 _aПравительствующий Сенат в Общем С. Петербургских департаментов собрании, слушали препровожденную в оный сего мая 27 числа при предложении г. действительного тайного советника, министра юстиции Трощинскаго, для надлежащего исполнения выписку из журналов Государственного совета Департамента гражданских и духовных дел и Общего собрания, следующего содержания: "В Государственном совете рассматриван доклад Правительствующего Сената Общего собрания первых трех департаментов, о земской давности по делам гражданским в губерниях на особых правах состоящих..."
518 1 _aУказ его императорского величества самодержца всероссийского
518 1 _aПравительствующий Сенат в Общем санктпетербургских департаментов собрании слушали препровожденную в оный сего года мая 27 числа при предложении господина действительного тайного советника, министра юстиции и кавалера Дмитрия Прокофьевича Трощинского для надлежащего исполнения выписку из журналов Государственного совета Департамента гражданских и духовных дел и Общего собрания, следующего содержания: "В Государственном совете рассматриван доклад Правительствующего Сената Общего собрания первых трех департаментов, о земской давности по делам гражданским в губерниях на особых правах состоящих..."
702 0 _4720
_7ca
_8rus
_aАлександр
_cимператор российский
_dI
_f1777-1825
_9115306
_3RU\NLR\AUTH\775342
702 1 _4720
_7ca
_8rus
_aСолодовников
_bВ. И.
_gВасилий Иванович
_9202553
_3RU\NLR\AUTH\770202604
702 1 _4660
_7ca
_8rus
_aГорчаков
_bА. И.
_f1769-1817
_gАлексей Иванович
_9168977
_3RU\NLR\AUTH\770169027
710 0 1 _aРоссия
_bИмператор
_c1801-1825; Александр I
_9584940
_3RU\NLR\AUTH\8810042745
711 0 1 _aРоссия
_bСенат
_bОбщее собрание петербургских департаментов
_9536322
_3RU\NLR\AUTH\880436000
712 0 1 _aРоссия
_bГосударственный совет
_9392796
_3RU\NLR\AUTH\889948587
852 _aNLR
_j135/310-1815-185-4
942 _cBOOK
980 _aA1UKAZ